Indian economy: (Record no. 16360)

MARC details
000 -LEADER
fixed length control field 00942nam a22002531 4500
005 - DATE AND TIME OF LATEST TRANSACTION
control field 19681225000000.0
008 - FIXED-LENGTH DATA ELEMENTS--GENERAL INFORMATION
fixed length control field 710622s1966 enka 000 0 eng
010 ## - LCCN (DPL NO)
LC control number ENG-91201
020 ## - INTERNATIONAL STANDARD BOOK NUMBER
International Standard Book Number 9780070655478
Terms of availability 480.00
020 ## - INTERNATIONAL STANDARD BOOK NUMBER
International Standard Book Number 0770655472
035 ## - SYSTEM CONTROL NUMBER
System control number EN-74734
037 ## - SOURCE OF ACQUISITION
Source of stock number/acquisition DBAD / PUB
040 ## - CATALOGING SOURCE
Original cataloging agency dpl
Language of cataloging English
082 ## - DEWEY DECIMAL CLASSIFICATION NUMBER
Classification number 330.954
100 ## - MAIN ENTRY--PERSONAL NAME
Personal name Ramesh Singh
9 (RLIN) 35947
245 ## - TITLE STATEMENT
Title Indian economy:
Statement of responsibility, etc by Ramesh Singh
Remainder of title for Civil Services examinations /
260 ## - PUBLICATION, DISTRIBUTION, ETC. (IMPRINT)
Place of publication, distribution, etc New Delhi
Name of publisher, distributor, etc Tata McGraw-Hill Publishing
Date of publication, distribution, etc 2008
300 ## - PHYSICAL DESCRIPTION
Extent Various pagings
Dimensions 26 cm (pbk)
490 ## - SERIES STATEMENT
Series statement Tata McGraw-Hill's winning we edge series
-- 35948
650 ## - SUBJECT ADDED ENTRY--TOPICAL TERM
Topical term or geographic name as entry element Economy
Geographic subdivision India
9 (RLIN) 35949
651 ## - SUBJECT ADDED ENTRY--GEOGRAPHIC NAME
Geographic name India
General subdivision Economy
9 (RLIN) 35950
942 ## - ADDED ENTRY ELEMENTS (KOHA)
Source of classification or shelving scheme Dewey Decimal Classification
Item type English Books
Call number suffix RAM
Classification part 330.954
Holdings
Withdrawn status Lost status Source of classification or shelving scheme Damaged status Not for loan Collection code Home library Current library Date acquired Source of acquisition Cost, normal purchase price Total Checkouts Full call number Barcode Date last seen Copy number Cost, replacement price Koha item type
    Dewey Decimal Classification   Not For Loan Non-fiction D.B.Act.Division D.B.Act.Division 07/10/2008 DBAD / PUB 480.00   330.954 RAM EN-74734 07/10/2008 1 480.00 English Books

© Delhi Public Library
Hit Counter
free hit counter